Psychiatric-mental health nursing: an interpersonal approach. / (Record no. 9581)

MARC details
000 -LEADER
fixed length control field 01662cam a2200397 i 4500
001 - CONTROL NUMBER
control field 18928922
003 - CONTROL NUMBER IDENTIFIER
control field OSt
005 - DATE AND TIME OF LATEST TRANSACTION
control field 20230503101414.0
008 - FIXED-LENGTH DATA ELEMENTS--GENERAL INFORMATION
fixed length control field 160105t20172017nyua b 001 0 eng
010 ## - LIBRARY OF CONGRESS CONTROL NUMBER
LC control number 2016000234
020 ## - INTERNATIONAL STANDARD BOOK NUMBER
International Standard Book Number 9780826131287
035 ## - SYSTEM CONTROL NUMBER
System control number (DNLM)101674635
040 ## - CATALOGING SOURCE
Original cataloging agency DNLM/DLC
Language of cataloging eng
Transcribing agency LC
Description conventions rda
Modifying agency DLC
042 ## - AUTHENTICATION CODE
Authentication code pcc
050 00 - LIBRARY OF CONGRESS CALL NUMBER
Classification number RC440.P74
082 00 - DEWEY DECIMAL CLASSIFICATION NUMBER
Classification number 616.89/0231
Edition number 23
130 0# - MAIN ENTRY--UNIFORM TITLE
Uniform title Psychiatric-mental health nursing (Jones)
9 (RLIN) 1410
245 10 - TITLE STATEMENT
Title Psychiatric-mental health nursing: an interpersonal approach. /
Statement of responsibility, etc. [edited by] Jeffrey S. Jones, Joyce J. Fitzpatrick, Vickie L. Rogers.
250 ## - EDITION STATEMENT
Edition statement 2nd ed.
264 #1 - PRODUCTION, PUBLICATION, DISTRIBUTION, MANUFACTURE, AND COPYRIGHT NOTICE
Place of production, publication, distribution, manufacture New York:
Name of producer, publisher, distributor, manufacturer Springer Publishing Company, LLC,
Date of production, publication, distribution, manufacture, or copyright notice 2017.
300 ## - PHYSICAL DESCRIPTION
Extent xxvii, 664 p. :
Other physical details illustrations (some color) ;
Dimensions 28 cm
336 ## - CONTENT TYPE
Content type term text
Source rdacontent
337 ## - MEDIA TYPE
Media type term unmediated
Source rdamedia
338 ## - CARRIER TYPE
Carrier type term volume
Source rdacarrier
504 ## - BIBLIOGRAPHY, ETC. NOTE
Bibliography, etc. note Includes bibliographical references and index.
505 ## - FORMATTED CONTENTS NOTE
Formatted contents note Contents: The practice of psychiatric-mental health nursing -- Health promotion and illness prevention -- Acute and chronic illness -- Growth and development and mental health concerns across the life span -- Mental health care settings -- Cultural, ethical, legal and professional aspects of mental health care --
650 12 - SUBJECT ADDED ENTRY--TOPICAL TERM
Topical term or geographic name entry element Psychiatric Nursing
9 (RLIN) 381
650 22 - SUBJECT ADDED ENTRY--TOPICAL TERM
Topical term or geographic name entry element Nurse-Patient Relations
9 (RLIN) 396
650 22 - SUBJECT ADDED ENTRY--TOPICAL TERM
Topical term or geographic name entry element Mental Disorders
General subdivision nursing
9 (RLIN) 657
700 1# - ADDED ENTRY--PERSONAL NAME
Personal name Jones, Jeffrey S.
9 (RLIN) 1411
700 1# - ADDED ENTRY--PERSONAL NAME
Personal name Fitzpatrick, Joyce J.,
9 (RLIN) 1412
700 1# - ADDED ENTRY--PERSONAL NAME
Personal name Rogers, Vickie L.,
9 (RLIN) 1413
906 ## - LOCAL DATA ELEMENT F, LDF (RLIN)
a 7
b cbc
c orignew
d 1
e ecip
f 20
g y-gencatlg
942 ## - ADDED ENTRY ELEMENTS (KOHA)
Source of classification or shelving scheme Library of Congress Classification
Koha item type Books
Holdings
Withdrawn status Lost status Source of classification or shelving scheme Damaged status Not for loan Home library Current library Shelving location Date acquired Total Checkouts Full call number Barcode Date last seen Price effective from Koha item type
    Library of Congress Classification     WISCONSIN INTERNATIONAL UNIVERSITY COLLEGE, GHANA KUMASI LIBRARY WISCONSIN INTERNATIONAL UNIVERSITY COLLEGE, GHANA KUMASI LIBRARY nursing 03/05/2023   RC440.P74(2e) KSN/1175/122/23 03/05/2023 03/05/2023 Books

If you have any concerns or questions; kindly contact the library


© Powered by WIUC ICT DIRECTORATE